belgian pro league winner - Statistics

General Stats
  • This quiz has been taken 14 times
  • The average score is 10 of 16
Answer Stats
Hint Answer % Correct
34 Anderlecht
100%
19 Club brugge
100%
4 Genk
100%
1 Gent
92%
10 Standard
83%
12 Union Saint-gilloise
83%
5 Antwerp
75%
4 KV mechelen
67%
5 RFC liège
67%
7 Beerschot
58%
4 lierse
50%
3 Cercle brugge
33%
5 Daring de bruxelles
33%
6 Racing de Bruxelles
33%
2 Beveren
25%
1 Molenbeek
25%
No matching quizzes found
Score Distribution
Percent of People with Each Score
Percentile by Number Answered
Your Score History
You have not taken this quiz